|
|
|
|
| LEADER |
00928nam a22003132a 4500 |
| 001 |
001700857 |
| 003 |
CZ BrMZK |
| 005 |
20190810085922.0 |
| 007 |
ta |
| 008 |
190810s1987 xr er|||||||||||cze d |
| 015 |
|
|
|a cnb000033564
|
| 020 |
|
|
|q (Brož.)
|
| 035 |
|
|
|a (OCoLC)39423380
|
| 040 |
|
|
|a ABA001
|b cze
|d ABA001
|d BOA001
|
| 080 |
9 |
|
|a 658.115.31
|
| 080 |
9 |
|
|a 628.1
|
| 245 |
0 |
0 |
|a Vodní zdroje Praha :
|b 1957-1987
|
| 250 |
|
|
|a 1. vyd.
|
| 260 |
|
|
|a Praha :
|b SZN,
|c 1987
|
| 300 |
|
|
|a 39 s. :
|b barev. il., mp. ;
|c 29 cm
|
| 500 |
|
|
|a Vyd. k 30. výročí založení podniku
|
| 500 |
|
|
|a 2000 výt.
|
| 550 |
|
|
|a Vydavatel: Vodní zdroje
|
| 655 |
|
7 |
|a jubilejní publikace
|7 fd131839
|2 czenas
|
| 710 |
2 |
|
|a Vodní zdroje (firma)
|7 kn20050121007
|4 isb
|
| 910 |
|
|
|a BOA001
|b X2-0922.511
|
| 990 |
|
|
|a BK
|
| 991 |
|
|
|b 201908
|
| 996 |
6 |
|
|b 2618822055
|c X2-0922.511
|l MZK
|r Sklad / do 24 hodin
|n 0
|w 001747521
|u 000010
|a 1
|e BOA001
|j MZK50
|s P
|